War/ (Record no. 749054)

MARC details
000 -LEADER
fixed length control field 00324nam a22001337a 4500
020 ## - INTERNATIONAL STANDARD BOOK NUMBER
ISBN 9781668052273
082 ## - DEWEY DECIMAL CLASSIFICATION NUMBER
Classification number 973.94 WOO/B
100 ## - MAIN ENTRY--AUTHOR NAME
Personal name Woodward, Bob
245 ## - TITLE STATEMENT
Title War/
Statement of responsibility, etc by Bob Woodward
260 ## - PUBLICATION, DISTRIBUTION, ETC. (IMPRINT)
Place of publication . - New York
Name of publisher : Simon Schuster
Year of publication , 2024
300 ## - PHYSICAL DESCRIPTION
Number of Pages 435 pages
942 ## - ADDED ENTRY ELEMENTS (KOHA)
Source of classification or shelving scheme Dewey Decimal Classification
Koha item type Book
Holdings
Withdrawn status Lost status Source of classification or shelving scheme Damaged status Not for loan Home Library Current Location Date acquired Full call number Accession Number Price effective from Koha item type
    Dewey Decimal Classification     Dept. of Political Science Dept. of Political Science 04/02/2025 973.94 WOO/B POL23721 20/12/2025 Book